000 00244nam a22001097a 4500
082 _a355.02 HAR'T
100 _aHART, LIDDELL
_946235
245 _aTHIS EXPANDING WAR
260 _aLONDON
_bFERBER & FERBER
_c1972
300 _a278P
942 _cBK
999 _c582207
_d582207